Score 0/22 Timer 02:00
0 Plays Today
Clue 4-Letter Word % Correct
# A number less than ten #FOUR
97.5%
# A number less than ten #NINE
92.9%
# A number less than ten #FIVE
90.3%
Comedic actor Arnett or FerrellWILL
81.6%
Receptacle for soup or cerealBOWL
81.3%
Get a new employeeHIRE
77.8%
___ E. Coyote, SupergeniusWILE
76.8%
Brand of athleticwear named after a Greek goddessNIKE
71%
'Another ___ mess you've gotten me into': Oliver HardyFINE
69.1%
A bird of any kindFOWL
68.6%
Loathsome or detestableFOUL
67.5%
Clue 4-Letter Word % Correct
A collection of cattleHERD
66.5%
On this very spotHERE
66%
A geeky but loveable loserNERD
65.3%
'I'm Just a ___': Schoolhouse Rock's Law episodeBILL
64%
A long walk for pleasure or exerciseHIKE
63.7%
To take a female as a spouseWIVE
61%
# A number less than ten #ZERO
59.2%
Address for a kingSIRE
55.7%
Roman emperor who might have fiddledNERO
53.1%
The pod of a cotton plantBOLL
52.9%
Being dried and witheredSERE
41.3%

Today's Daily Dose

Remove Ads.
Support Sporcle.
Get the best of Sporcle when you Go Orange. This ad-free experience offers more features, more stats, and more fun while also helping to support Sporcle. Thank you for becoming a member.

You're not logged in!

Compare scores with friends on all Sporcle quizzes.
OR
Log In

Show Comments

Extras

Top Quizzes Today


Score Distribution

Your Account Isn't Verified!

In order to create a playlist on Sporcle, you need to verify the email address you used during registration. Go to your Sporcle Settings to finish the process.

Report this User

Report this user for behavior that violates our Community Guidelines.

Details: